Wyoming County Seats - Statistics

General Stats
  • This quiz has been taken 45 times
  • The average score is 14 of 23
Answer Stats
County County Seat % Correct
Laramie Cheyenne
95%
Albany Laramie
90%
Park Cody
85%
Cambell Gillette
85%
Teton Jackson
85%
Natrona Casper
80%
Sweetwater Green River
80%
Sheridan Sheridan
75%
Carbon Rawlins
70%
Hot Springs Thermopolis
70%
Johnson Buffalo
65%
Converse Douglas
55%
Uinta Evanston
55%
Fremont Lander
50%
Crook Sundance
45%
Washakie Worland
45%
Lincoln Kemmerer
40%
Goshen Torrington
40%
Platte Wheatland
40%
Weston Newcastle
35%
Niobrara Lusk
30%
Big Horn Basin
20%
Sublette Pinedale
20%
No matching quizzes found
Score Distribution
Percent of People with Each Score
Percentile by Number Answered
Your Score History
You have not taken this quiz